Benchmarks in ICT applications in LIC practices: Essays in honour of Dr. P K Gupta (Record no. 162815)

MARC details
000 -LEADER
fixed length control field 00423nam a2200145Ia 4500
008 - FIXED-LENGTH DATA ELEMENTS--GENERAL INFORMATION
fixed length control field 230917s9999||||xx |||||||||||||| ||und||
040 ## - CATALOGING SOURCE
-- 190089
Original cataloging agency VIVEKANANDA LIBRARY
041 ## - Language
-- English
082 ## - DDC NUMBER
Classification number 020.285 B431B
100 ## - MAIN ENTRY--PERSONAL NAME
Personal name Rana, M S, ed.
245 #0 - TITLE STATEMENT
Title Benchmarks in ICT applications in LIC practices: Essays in honour of Dr. P K Gupta
260 ## - PUBLICATION, DISTRIBUTION, ETC. (IMPRINT)
Place of publication, distribution, etc Jodhpur
Name of publisher, distributor, etc Scientific Publishers
Date of publication, distribution, etc 2011
300 ## - PHYSICAL DESCRIPTION
Pages vii, 407 p.
942 ## - ADDED ENTRY ELEMENTS (KOHA)
Koha item type Books
Holdings
Withdrawn status Lost status Damaged status Not for loan Location (home branch) Sublocation or collection (holding branch) Date acquired Koha issues (times borrowed) Koha full call number Accession No. Koha date last seen Koha item type
        VIVEKANANDA LIBRARY VIVEKANANDA LIBRARY 04/10/2011   020.285 B431B 298386 17/09/2023 Books
© Designed and Maintained by Vivekananda Library, MDU Rohtak